000
00292nam a2200121Ia 4500
008
191201s2012 xx 000 0 und d
100
_a
PANDEY, I M
245
0
_a
Financial Management
250
_a
Rep
260
_c
2012
_b
Vikas Publication House
_a
NEW DELHI
300
_a
879
942
_2
ddc
_c
BK
999
_c
7827
_d
7827